Score 0/20 Timer 05:00
0 Plays Today
Hint Answer % Correct
Hair colorBlond
97.2%
First fiancéeSansa Stark
95.4%
Presumed fatherKing Robert I Baratheon
95.2%
Traditional Baratheon hair colorBlack
95.1%
MotherCersei Lannister
94.5%
What was the cause of his death?Poisoning
94.4%
Biological fatherJaime Lannister
94.3%
Name of person imprisoned, tried, and convicted for his deathTyrion Lannister
93.5%
At which event does he die?His wedding (the 'Purple Wedding')
93.4%
GrandfatherTywin Lannister
92.3%
Hint Answer % Correct
Personal bodyguard (his 'dog')Sandor Clegane
91%
True masterminds of his death?Olenna Tyrell and Petyr Baelish
90.2%
Second fiancée, then wifeMargaery Tyrell
88.3%
Younger brotherTommen Baratheon
87.4%
Houses whose sigils are combined on Joffrey's sigilLannister and Baratheon
85.4%
Seat of Joffrey's ruleKing's Landing
83.9%
Younger sisterMyrcella Baratheon
77.4%
Seat of House BaratheonStorm's End
65%
First commander of Joffrey's KingsguardBarristan Selmy
61.9%
Name one of Joffrey's three named swordsLions Tooth, Hearteater, Widows Wail
61.5%
Remove Ads.
Support Sporcle.
Get the best of Sporcle when you Go Orange. This ad-free experience offers more features, more stats, and more fun while also helping to support Sporcle. Thank you for becoming a member.

You're not logged in!

Compare scores with friends on all Sporcle quizzes.
OR
Log In

Show Comments

Extras

Top Quizzes Today


Score Distribution

Your Account Isn't Verified!

In order to create a playlist on Sporcle, you need to verify the email address you used during registration. Go to your Sporcle Settings to finish the process.

Report this User

Report this user for behavior that violates our Community Guidelines.

Details: